000 00448nam a22001457a 4500
008 140218b xxu||||| |||| 00| 0 eng d
020 _a97802325277339
050 _aBV4465.N753 2009
100 _aNoblett, William
_98718
245 _aInside Faith
_bPraying for people in prison /
_cWilliam Noblett
260 _aLondon
_bDarton, Longman and Todd
_c2009
300 _a304p.
650 _aChurch work with prisoners
_98719
942 _2lcc
_cMONOGRAPH
999 _c120079
_d120079